Statystyki dla Państwa najbliższe USA z wyjątkami

Kliknij tutaj aby rozwiązać quiz!

Ogólne statystyki

  • Ten quiz został rozwiązany 86 razy
  • Średni wynik to 10 z 15

Statystyki odpowiedzi

kmPaństwo% Poprawnych
4.896Francja
87%
5.638Hiszpania
87%
5.707Portugalia
87%
4.123Irlandia
85%
5.902Maroko
84%
4.250Wielka Brytania
84%
3Rosja
80%
6.596Senegal
63%
3.139Norwegia
59%
5.901Mauretania
58%
5.025Szwecja
57%
5.040Belgia
56%
4.299Finlandia
53%
5.772Republika
Zielonego Przylądka
39%
6.041Estonia
22%

Rozkład punktacji

Percentyl według liczby udzielonych odpowiedzi

Procent ludzi z każdym wynikiem

Twoja historia wyników

Nie rozwiązałeś tego quizu